000 00779 a2200217 4500
001 63984
005 20260521160828.0
008 260521a1986 arg spa d
003 AR-UNSa-BCEJYS
040 _aAR-UNSa-BCEJYS
_bspa
_cAR-UNSa-BCEJYS
080 _a658.012.2
_xPlanificación. Programas. Planes. Medidas de apoyo a la planificación( Administración estratégica...)
245 1 0 _aPlaneamiento estrategico y presupuestos
020 _a978-950-9109-34-6
264 1 _aBuenos Aires :
_bTesis
_c1986
300 _axxi, 206 p.
_c22 cm.
505 _a1. Planeamiento estratégico - 2. Presupuestos dentro del marco del planeamiento estratégico -
041 _aspa
942 _cBK
590 _aniveau_biblio:m niveau_hierar:0
100 1 _aVinitzky, Guillermo Mario
999 _c36462
_d36462